| 000 | 00944nam a2200253Ia 4500 | ||
|---|---|---|---|
| 003 | OSt | ||
| 005 | 20220930094908.0 | ||
| 006 | a|||||r|||| 00| 0 | ||
| 007 | ta | ||
| 008 | 220926b |||||||| |||| 00| 0 hin d | ||
| 024 | _a32556 | ||
| 037 | _cTheses | ||
| 040 |
_aCRL _cCRL _bhin |
||
| 041 |
_2hin _ahin |
||
| 100 | _aपाण्डेय, पीयूष, ले. | ||
| 110 |
_aदिल्ली विश्वविद्यालय. कला संकाय. संस्कृत _9556636 |
||
| 245 | 0 | _aबृहत्त्रयी में ज्योतिषतत्त्व | |
| 246 | _aBṛuhattrayī mean jyotiṣhatattva | ||
| 260 | _c2016 | ||
| 300 |
_a308पृ. _ap. _ccm. |
||
| 700 |
_aदिल्ली विश्वविद्यालय. कला संकाय. संस्कृत _9556637 |
||
| 942 |
_cDIS _2CC |
||
| 999 |
_c887888 _d887888 |
||